[Event "GER-chA Seniors 26th"]
[Site "Bad Neuenahr"]
[Date "2014.08.07"]
[Round "3"]
[White "Szymaniak, Horst"]
[Black "Kolkwitz, Klaus"]
[Result "1-0"]
[WhiteElo "2092"]
[BlackElo "1904"]
[PlyCount "75"]
[EventDate "2014.08.05"]
[EventType "swiss"]
[EventRounds "9"]
[EventCountry "GER"]
[SourceTitle "EXT 2018"]
[Source "ChessBase"]
[SourceDate "2017.10.13"]
[SourceVersion "1"]
[SourceVersionDate "2017.10.13"]
[SourceQuality "1"]

1. e4 d6 2. d4 g6 3. Be3 Nf6 4. Nc3 Bg7 5. Be2 c6 6. Qd2 Nbd7 7. h3 b5 8. a3 Qa5 9. b4 Qc7 10. Nf3 a6 11. 0-0 0-0 12. Bh6 e5 13. dxe5 dxe5 14. Bd3 c5 15. Bxg7 Kxg7 16. bxc5 Nxc5 17. Nd5 Nxd5 18. exd5 Nxd3 19. Qxd3 Bf5 20. Qe3 f6 21. Rfd1 Rfd8 22. g4 Bc8 23. g5 Qe7 24. Nd4 fxg5 25. Nc6 Qd6 26. Nxd8 Qxd8 27. Qxe5+ Kh6 28. Rd3 Bf5 29. Rc3 Rc8 30. Rd1 Rxc3 31. Qxc3 Qd6 32. Qg3 Qd7 33. h4 gxh4 34. Qxh4+ Kg7 35. d6 Bxc2 36. Qd4+ Kh6 37. Rc1 Bf5 38. Qh4+ 1-0

[Event "Ruhrgebiet-ch Seniors 18th"]
[Site "Essen"]
[Date "2011.04.12"]
[Round "8"]
[White "Dulovic, Tomislav"]
[Black "Szymaniak, Horst"]
[Result "0-1"]
[WhiteElo "1814"]
[BlackElo "1934"]
[PlyCount "50"]
[EventDate "2011.03.28"]
[EventType "swiss"]
[EventRounds "9"]
[EventCountry "GER"]
[SourceTitle "EXT 2012"]
[Source "ChessBase"]
[SourceDate "2011.11.24"]
[SourceVersion "1"]
[SourceVersionDate "2011.11.24"]
[SourceQuality "1"]

1. e4 c5 2. Nf3 e6 3. d4 cxd4 4. Nxd4 a6 5. Be3 Nf6 6. Bd3 Nc6 7. Nxc6 dxc6 8. 0-0 Qc7 9. f4 e5 10. f5 c5 11. Nd2 b5 12. c4 b4 13. g4 h5 14. g5 Ng4 15. Qf3 Bb7 16. h3 Rd8 17. hxg4 Rxd3 18. gxh5 Be7 19. Qe2 Qd8 20. Kf2 Rxe3 21. Qxe3 Bxg5 22. Qxc5 Qxd2+ 23. Kf3 Qd3+ 24. Kg4 Qxe4+ 25. Kxg5 f6+ 0-1

[Event "GER-ch Seniors 21st"]
[Site "Dresden"]
[Date "2009.08.05"]
[Round "4"]
[White "Weisenburger, Horst"]
[Black "Szymaniak, Horst"]
[Result "1/2-1/2"]
[WhiteElo "2166"]
[BlackElo "2108"]
[PlyCount "143"]
[EventDate "2009.08.03"]
[EventType "swiss"]
[EventRounds "9"]
[EventCountry "GER"]
[SourceTitle "CBM 131 Extra"]
[Source "ChessBase"]
[SourceDate "2009.09.03"]
[SourceVersion "2"]
[SourceVersionDate "2009.09.16"]
[SourceQuality "1"]

1. f4 d5 2. g3 Nf6 3. Bg2 c5 4. Nf3 Nc6 5. d3 g6 6. 0-0 Bg7 7. Qe1 0-0 8. a4 Nb4 9. Na3 d4 10. c3 dxc3 11. bxc3 Nfd5 12. Bd2 Nc6 13. Nc4 Nb6 14. Nfe5 Nxe5 15. Nxe5 f6 16. Nf3 a5 17. c4 Nd7 18. Rb1 Nb8 19. Nh4 Ra7 20. Be3 b6 21. Bxc5 bxc5 22. Rxb8 Qc7 23. Qb1 Bd7 24. Rb6 Bxa4 25. Bd5+ Kh8 26. d4 Be8 27. Rf3 a4 28. Ra3 cxd4 29. Rb8 Qc5 30. Qd3 e6 31. Bxe6 Re7 32. f5 gxf5 33. Nxf5 Rxe6 34. Rb7 Bg6 35. Rb5 Bxf5 36. Qf3 Be4 37. Rxc5 Bxf3 38. exf3 f5 39. Rxa4 d3 40. Rd5 Re3 41. Ra3 Re1+ 42. Kf2 Re2+ 43. Kf1 Rc2 44. Raxd3 Rxc4 45. Rd8 Kg8 46. Rxf8+ Bxf8 47. Rd5 f4 48. Rg5+ Bg7 49. Rg4 Rc1+ 50. Kg2 Rc2+ 51. Kh3 fxg3 52. hxg3 Kf7 53. Rf4+ Bf6 54. Ra4 Rf2 55. f4 h5 56. Ra3 Rf1 57. Kg2 Ra1 58. Kf3 Rg1 59. Ra7+ Kg6 60. Ra6 Rc1 61. Ra3 Rc5 62. g4 h4 63. Kg2 Rc4 64. Rf3 Rc1 65. Rf1 h3+ 66. Kf2 Bh4+ 67. Ke2 Rxf1 68. Kxf1 Bg3 69. f5+ Kg5 70. f6 Kxf6 71. g5+ Kxg5 72. Kg1 1/2-1/2

[Event "GER-ch Seniors-A 20th"]
[Site "Erfurt"]
[Date "2008.08.13"]
[Round "9"]
[White "Szymaniak, Horst"]
[Black "Bogorad, Michail"]
[Result "1-0"]
[WhiteElo "1968"]
[BlackElo "2077"]
[PlyCount "107"]
[EventDate "2008.08.05"]
[EventType "swiss"]
[EventRounds "9"]
[EventCountry "GER"]
[SourceTitle "CBM 126 Extra"]
[Source "ChessBase"]
[SourceDate "2008.11.05"]
[SourceVersion "1"]
[SourceVersionDate "2008.11.05"]
[SourceQuality "1"]

1. e4 c5 2. Bc4 e6 3. Nf3 Nc6 4. 0-0 Nf6 5. Qe2 Qc7 6. c3 a6 7. a4 b6 8. d3 h6 9. e5 Ng8 10. Bf4 Bb7 11. Nbd2 Nge7 12. Ne4 Ng6 13. Bg3 Ngxe5 14. Nxe5 Nxe5 15. Rfe1 d6 16. Nxd6+ Bxd6 17. Bxe5 Bxe5 18. Qxe5 Qxe5 19. Rxe5 0-0 20. f4 g6 21. g4 Kg7 22. Kf2 Rfd8 23. h4 Bc8 24. Rae1 Kf6 25. Kg3 Rh8 26. b3 h5 27. gxh5 gxh5 28. Rg5 Ke7 29. Kf3 Bb7+ 30. Ke3 Bd5 31. d4 Bxc4 32. bxc4 cxd4+ 33. cxd4 Rac8 34. Kd3 Rc6 35. d5 Rd6 36. f5 f6 37. Rg6 e5 38. Rg7+ Kf8 39. Reg1 Rd8 40. Rb7 b5 41. axb5 axb5 42. Rxb5 Rh7 43. Rg6 Rf7 44. Rb6 Ra8 45. Rgxf6 Ra3+ 46. Ke4 Rh3 47. Rb8+ Kg7 48. Rxf7+ Kxf7 49. Kxe5 Rxh4 50. Rb7+ Ke8 51. c5 Rh1 52. c6 h4 53. d6 h3 54. Kf6 1-0

[Event "GER-ch Seniors-A 20th"]
[Site "Erfurt"]
[Date "2008.08.10"]
[Round "6"]
[White "Hoeschele, Hans Ulrich"]
[Black "Szymaniak, Horst"]
[Result "1-0"]
[WhiteElo "2055"]
[BlackElo "1968"]
[PlyCount "54"]
[EventDate "2008.08.05"]
[EventType "swiss"]
[EventRounds "9"]
[EventCountry "GER"]
[SourceTitle "CBM 126 Extra"]
[Source "ChessBase"]
[SourceDate "2008.11.05"]
[SourceVersion "1"]
[SourceVersionDate "2008.11.05"]
[SourceQuality "1"]

1. e4 c5 2. Bc4 e6 3. Qe2 Nc6 4. Nf3 a6 5. a3 g6 6. d3 Bg7 7. c3 Nge7 8. 0-0 0-0 9. Re1 Qc7 10. Nbd2 d6 11. Nf1 b5 12. Ba2 Rb8 13. Bd2 a5 14. Ne3 Ba6 15. Bb1 a4 16. Bc2 d5 17. h3 Rfd8 18. exd5 exd5 19. Ng4 Re8 20. Bh6 Bh8 21. Ng5 Qd7 22. Qe3 d4 23. Qf4 Qf5 24. Ne4 Nd5 25. Qd6 Re6 26. Qxc5 Ree8 27. Qxc6 dxc3 1-0

[Event "Ruhrgebiet-ch Seniors 11th"]
[Site "Essen"]
[Date "2004.03.09"]
[Round "2"]
[White "Szymaniak, Horst"]
[Black "Thiemann, Johannes"]
[Result "1/2-1/2"]
[WhiteElo "1993"]
[BlackElo "1653"]
[PlyCount "108"]
[EventDate "2004.03.08"]
[EventType "swiss"]
[EventRounds "9"]
[EventCountry "GER"]
[SourceTitle "EXT 2006"]
[Source "ChessBase"]
[SourceDate "2005.11.24"]
[SourceVersion "1"]
[SourceVersionDate "2005.11.24"]
[SourceQuality "1"]

1. e4 e6 2. d4 d5 3. Nc3 Bb4 4. e5 Ne7 5. a3 Bxc3+ 6. bxc3 c5 7. Qg4 cxd4 8. cxd4 Nf5 9. Bd3 h5 10. Qf4 Qh4 11. Qxh4 Nxh4 12. Bg5 Nf5 13. Ne2 Nc6 14. c3 Bd7 15. Rb1 Rb8 16. Nf4 Nfe7 17. h4 Na5 18. Rh3 b5 19. Be2 g6 20. Nd3 Nb7 21. a4 Rc8 22. Kd2 a6 23. Nb4 Ra8 24. Nc2 Na5 25. axb5 axb5 26. Bxb5 Bxb5 27. Rxb5 Nec6 28. Bf6 Rg8 29. Rh1 Kd7 30. Rhb1 Rgb8 31. Rxb8 Rxb8 32. Rxb8 Nxb8 33. f3 Nbc6 34. Ke3 Ne7 35. Kf4 Nc4 36. g4 Nd2 37. Ne3 hxg4 38. fxg4 Ng8 39. h5 Ne4 40. c4 Ngxf6 41. exf6 gxh5 42. gxh5 Nxf6 43. h6 dxc4 44. Nxc4 Ke7 45. Ne5 Nh7 46. Ng4 f6 47. Ke3 Kf7 48. Kf3 Kg6 49. Kf4 e5+ 50. Nxe5+ fxe5+ 51. Kxe5 Kxh6 52. Ke6 Kg7 53. d5 Nf6 54. d6 Ne4 1/2-1/2

[Event "Wch Seniors 13th"]
[Site "Bad Zwischenahn"]
[Date "2003.??.??"]
[Round "?"]
[White "Helmsen, Franz"]
[Black "Szymaniak, Horst"]
[Result "0-1"]
[WhiteElo "1955"]
[BlackElo "2005"]
[PlyCount "62"]
[EventDate "2003.11.16"]
[EventType "swiss"]
[EventRounds "11"]
[EventCountry "GER"]
[SourceTitle "CBM 097 Extra"]
[Source "ChessBase"]
[SourceDate "2004.01.13"]
[SourceVersion "1"]
[SourceVersionDate "2004.01.13"]
[SourceQuality "1"]

1. e4 e5 2. Nf3 Nc6 3. Bb5 a6 4. Ba4 Nf6 5. Qe2 b5 6. Bb3 Bc5 7. a4 b4 8. Bxf7+ Kxf7 9. Qc4+ Ke8 10. Qxc5 Nxe4 11. Qe3 Nf6 12. Nxe5 Nxe5 13. Qxe5+ Kf7 14. 0-0 Re8 15. Qf4 Re4 16. Qf3 d5 17. h3 g5 18. d3 g4 19. hxg4 Bxg4 20. Qg3 Re2 21. Bg5 Qd7 22. Qf4 Qf5 23. Qxf5 Bxf5 24. Bd2 Rae8 25. Bxb4 Rxc2 26. Bc3 Bxd3 27. Na3 Rxc3 28. bxc3 Bxf1 29. Kxf1 Ne4 30. Nb1 Rb8 31. f3 Rxb1+ 0-1

[Event "Wch Seniors 13th"]
[Site "Bad Zwischenahn"]
[Date "2003.??.??"]
[Round "?"]
[White "Szymaniak, Horst"]
[Black "Ahlberg, Guenter"]
[Result "1-0"]
[WhiteElo "2005"]
[BlackElo "1930"]
[PlyCount "123"]
[EventDate "2003.11.16"]
[EventType "swiss"]
[EventRounds "11"]
[EventCountry "GER"]
[SourceTitle "CBM 097 Extra"]
[Source "ChessBase"]
[SourceDate "2004.01.13"]
[SourceVersion "1"]
[SourceVersionDate "2004.01.13"]
[SourceQuality "1"]

1. e4 c6 2. d4 d5 3. Nc3 dxe4 4. Nxe4 Bf5 5. Ng3 Bg6 6. Nf3 Nd7 7. h4 h6 8. h5 Bh7 9. Bd3 Bxd3 10. Qxd3 e6 11. Bd2 Ngf6 12. Qe2 Qc7 13. 0-0-0 0-0-0 14. Ne5 Nb6 15. Ba5 Rd5 16. Bxb6 axb6 17. Ne4 Nxe4 18. Qxe4 Bd6 19. Nf3 Be7 20. Kb1 b5 21. Ne5 Bf6 22. Ng4 Qe7 23. Ne3 Rd7 24. f4 Rhd8 25. c3 b4 26. Nc4 Kc7 27. f5 e5 28. Rhe1 Rd5 29. Rc1 Re8 30. dxe5 Bxe5 31. Ne3 Rd2 32. Nc4 Rd5 33. Re2 f6 34. Ne3 Rd7 35. cxb4 Kb8 36. Nc2 Red8 37. g4 Qd6 38. a4 Qc7 39. Qc4 Rd3 40. Re4 Rd2 41. b5 R8d6 42. Re3 Qd7 43. b6 R6d5 44. Rb3 Rd1 45. Rxd1 Rxd1+ 46. Ka2 Qd5 47. Rb4 Qxc4+ 48. Rxc4 Rd2 49. a5 Kc8 50. Ka3 Rd5 51. b4 Kd7 52. Ka4 Kd6 53. Na3 Bb2 54. b5 Rd3 55. Nc2 cxb5+ 56. Kxb5 Rd5+ 57. Kb4 Rd2 58. a6 Ke7 59. Rc7+ Ke8 60. a7 Rd8 61. Rxb7 Be5 62. Rxg7 1-0

[Event "Ruhr-ch Seniors 9th"]
[Site "Essen"]
[Date "2002.03.12"]
[Round "5"]
[White "Szymaniak, Horst"]
[Black "Schmitthoefer, Herbert"]
[Result "0-1"]
[WhiteElo "2051"]
[BlackElo "1763"]
[PlyCount "114"]
[EventDate "2002.03.??"]
[EventType "swiss"]
[EventRounds "9"]
[EventCountry "GER"]
[SourceTitle "EXT 2006"]
[Source "ChessBase"]
[SourceDate "2005.11.24"]
[SourceVersion "1"]
[SourceVersionDate "2005.11.24"]
[SourceQuality "1"]

1. e4 g6 2. d4 Bg7 3. Nc3 d6 4. f4 Nd7 5. Nf3 c6 6. Bc4 e6 7. 0-0 d5 8. exd5 cxd5 9. Bb5 a6 10. Bd3 Ne7 11. Ne2 Nf6 12. Ng3 h5 13. c3 h4 14. Nh1 h3 15. g3 Ne4 16. Bxe4 dxe4 17. Ng5 Qd5 18. Qe2 f5 19. Nf2 Bd7 20. Qe3 Bb5 21. Rd1 Qc6 22. Nfxh3 Nd5 23. Qf2 Nf6 24. Be3 Ng4 25. Qe1 Rh5 26. Rd2 Ke7 27. Rg2 Rah8 28. c4 Qxc4 29. Rc1 Qf1+ 30. Qxf1 Bxf1 31. Rc7+ Kd6 32. Rxg7 Bxg2 33. Nf7+ Kd5 34. Nxh8 Bxh3 35. Nxg6 Nxe3 36. Ne5 Kxd4 37. Rd7+ Nd5 38. Rxb7 e3 39. Nf3+ Kd3 40. Rb3+ Kc2 41. Nd4+ Kb1 42. a3 Rh8 43. Rd3 Rc8 44. Ne2 Kxb2 45. Rd1 Rc2 46. Re1 Rd2 47. a4 Kc2 48. g4 Bxg4 49. Ng3 e2 50. h3 Rd1 51. Kf2 Rxe1 52. Kxe1 Bxh3 53. Nxe2 Kd3 54. Kf2 Bg4 55. Nc1+ Kc2 56. Ne2 Bxe2 57. Kxe2 Nxf4+ 0-1